000 01138nam a22003377a 4500
001 BR0600769
003 BR-BrBNA
005 20230928102058.0
007 ta
008 230509b bl.||||| |||| 00| 0 por d
040 _aBR-BrBNA
_bpor
_cBiblioteca Nacional de Agricultura
041 _a(Por)
072 _aF02; F50; F63
_b2790
090 _ 2790 BR0600769
100 1 _aPereira, R. de C.A.
110 1 _aUniversidade Federal de Lavras, MG (Brasil)
_0Tese (Doutorado)
245 1 _aMicropropagação, indução de calos, características anatômicas e monitoramento dos biomarcadores de Uncaria tomentosa Willdenow ex Roemer Schultes DC e Uncaria guiamensis (Aublet)Gmelin (Unha de Gato)
260 3 _aLavras, MG (Brasil):
_c2004.
300 _a186 p.
500 _aSummaries (Eng, Por); Several bibliography; 22 tables; 41 illus.
650 _aUNHA DE GATO
650 _aPLANTA MEDICINAL
650 _aMICROPROPAGAÇÃO
650 _aCALOGENIO
650 _aEXPLANTE
650 _aALCALÓIDE
650 _aCULTURA IN VITRO
650 _aANATOMIA VEGETAL
909 _a202309
_bLucia
_c55
_dLucia Elande
942 _cBK
999 _c69043
_d69043